Fotochemické štúdium železnatých klatrochelátov diplomová práca

Gespeichert in:
Bibliographische Detailangaben
1. Verfasser: Pivarčiová, Annamária
Format: Buch
Sprache:Slowakisch
Veröffentlicht: Bratislava STU FCHPT 2017
Online-Zugang:Im OPAC anzeigen
Tags: Tag hinzufügen
Keine Tags, Fügen Sie das erste Tag hinzu!

MARC

LEADER 00000nam a2200000 a 4500
005 20260127134238.0
008 170707 2017 xo 001 0 slo d
035 |a vtls011701121 
039 9 |y 201707071047  |z mschk03 
040 |a STUSCHK1  |b slo  |c STUSCHK1  |e AACR2 
100 1 |a Pivarčiová, Annamária 
245 1 |a Fotochemické štúdium železnatých klatrochelátov  |b diplomová práca  |c Annamária Pivarčiová 
260 |a Bratislava  |b STU FCHPT  |c 2017 
300 |a 88 s.  |b il.  |c 25 cm 
500 |a Študijný program: technická chémia 
500 |a Študijný odbor: anorganická chémia 
500 |a Školiace pracovisko: Oddelenie anorganickej chémie 
500 |a Evid. číslo: FCHPT-104542-42867 
910 |a SCHK95 
999 |c 7722  |d 7722